| 000 | 00351nam a2200133 4500 | ||
|---|---|---|---|
| 003 | OSt | ||
| 082 |
_a664 _bSHA/SC |
||
| 088 | _aT 606 | ||
| 100 |
_aShamna N.P. _94720 |
||
| 245 | _aA Screw press for cocoa butter extraction / | ||
| 260 |
_aTavanur : _bDepartment of Processing and Food Engineering, _c2023. |
||
| 700 | _aRajesh, G.K (Guide) | ||
| 942 | _cTH | ||
| 999 |
_c18080 _d18080 |
||